| 000 | 01210nam a2200325 c 4500 | ||
|---|---|---|---|
| 003 | BLK | ||
| 005 | 20250719153542.0 | ||
| 008 | 180409b bul|||||r ||||||| ||bul|| | ||
| 020 | _a9786199218617 | ||
| 040 | _aBLK | ||
| 041 |
_aBUL _cBUL |
||
| 080 |
_aАвтоматични системи без човек-оператор. Автомати. Роботи. Изкуствен интелект и др. п. _b007.52 _z007.52(031) _x(031) |
||
| 100 |
_aСмий, Дейвид _9491343 |
||
| 245 | 1 | 0 |
_aДа изследваме роботиката _bВ света на удивителните машини _cДейвид Смий; прев. Теодор Цеков |
| 257 | _aBGR | ||
| 260 |
_bNoble Star Books _c2022 _9488588 _aСофия |
||
| 300 |
_a46 с. _bс ил. _c29 см |
||
| 380 | _aDN | ||
| 490 |
_aЧудесата на познанието _9491344 |
||
| 650 | 4 |
_aАвтоматика _9146311 |
|
| 650 | 4 |
_aРоботи _9169567 |
|
| 653 | _aроботика | ||
| 700 |
_9491345 _aЦеков, Теодор |
||
| 856 | 4 | _qpdf | |
| 856 | 4 | _qpdf | |
| 942 |
_cKNG _n0 _04 |
||
| 944 |
_cНора Радева _k30542 _lРусанова Ирена |
||
| 999 |
_c505327 _d505327 |
||
| 999 | _d505327 | ||